Piano, level 1 / (Record no. 113024)
[ view plain ]
| 000 -LEADER | |
|---|---|
| fixed length control field | 00505nam a2200181 a 4500 |
| 001 - CONTROL NUMBER | |
| control field | 3765 |
| 005 - DATE AND TIME OF LATEST TRANSACTION | |
| control field | 20140414131959.0 |
| 008 - FIXED-LENGTH DATA ELEMENTS--GENERAL INFORMATION | |
| fixed length control field | 061012s19uu xx 00 eng d |
| 020 ## - INTERNATIONAL STANDARD BOOK NUMBER | |
| International Standard Book Number | 0-8497-5266-3 |
| 050 ## - LIBRARY OF CONGRESS CALL NUMBER | |
| Classification number | TR 786.2 |
| Item number | B324 1985 |
| 100 ## - MAIN ENTRY--PERSONAL NAME | |
| Personal name | Bastien, James |
| 245 ## - TITLE STATEMENT | |
| Title | Piano, level 1 / |
| Statement of responsibility, etc | by James Bastien. |
| 260 ## - PUBLICATION, DISTRIBUTION, ETC. (IMPRINT) | |
| Place of publication, distribution, etc | San Diego, California : |
| Name of publisher, distributor, etc | Niel A. Kjos Music Comp., |
| Date of publication, distribution, etc | 1985. |
| 300 ## - PHYSICAL DESCRIPTION | |
| Extent | ; cm. |
| 440 ## - SERIES STATEMENT/ADDED ENTRY--TITLE | |
| Title | Bastien Piano Basics |
| 650 ## - SUBJECT ADDED ENTRY--TOPICAL TERM | |
| Topical term or geographic name as entry element | Music |
| General subdivision | Juvenile literature |
| Withdrawn status | Lost status | Damaged status | Use restrictions | Home library | Current library | Shelving location | Date acquired | Source of acquisition | Total Checkouts | Full call number | Barcode | Date last seen | Price effective from | Koha item type |
|---|---|---|---|---|---|---|---|---|---|---|---|---|---|---|
| Munich Library | Munich Library | Teachers Reference Section | 10/12/2006 | TR 786.2 B324 1985 | M4489 | 04/14/2014 | 04/14/2014 | Books |